[Event "NCA-ch sf"]
[Site "Managua"]
[Date "2018.02.17"]
[Round "4"]
[White "Espinoza Roman, Juan Carlos"]
[Black "Allen, Alonso"]
[Result "1/2-1/2"]
[WhiteElo "1791"]
[BlackElo "1859"]
[PlyCount "85"]
[EventDate "2018.02.10"]
[EventType "swiss"]
[EventRounds "9"]
[EventCountry "NCA"]
[SourceTitle "CBM 183 Extra"]
[Source "ChessBase"]
[SourceDate "2018.04.19"]
[SourceVersion "1"]
[SourceVersionDate "2018.04.19"]
[SourceQuality "1"]

1. d4 e6 2. e4 d5 3. exd5 exd5 4. Bd3 Nf6 5. Bg5 Be7 6. h3 c6 7. c3 Nbd7 8. Nf3 0-0 9. 0-0 Re8 10. Nbd2 Bd6 11. Rc1 Nf8 12. Re1 Ne6 13. Bh4 Nf4 14. Bf1 Rxe1 15. Qxe1 Bf5 16. Ne5 Qe7 17. g4 Bg6 18. Qe3 Ne6 19. f4 Be4 20. Nxe4 dxe4 21. f5 Nc7 22. g5 Nd7 23. Nxd7 Qxd7 24. Qxe4 Re8 25. Qf3 Nd5 26. Re1 Rxe1 27. Bxe1 Qe7 28. Bd2 Bc7 29. c4 Nb6 30. f6 Qd6 31. Qf2 Nd7 32. fxg7 Kxg7 33. Bc3 Kg8 34. h4 Nf8 35. c5 Qg3+ 36. Qxg3 Bxg3 37. h5 Bf4 38. Kg2 Bxg5 39. Bc4 Ne6 40. Bxe6 fxe6 41. Kg3 Kf7 42. Kf3 Bf6 43. Ke4 1/2-1/2